Statystyki dla gminy powiatu wielickiego z mapą

Kliknij tutaj aby rozwiązać quiz!

Ogólne statystyki

  • Ten quiz został rozwiązany 18 razy
  • Średni wynik to 4 z 5

Odpowiedzi na mapie

Odpowiedzi skodowane kolorowo w zielono-czerwonej skali na mapie do tego quizu, zgodnie z poniższymi procentami.
 

Statystyki odpowiedzi

WskazówkaOdpowiedź% Poprawnych
gmina miejsko-wiejskiaWieliczka
100%
gmina miejsko-wiejskiaNiepołomice
93%
gmina wiejskaGdów
71%
gmina wiejskaBiskupice
57%
gmina wiejskaKłaj
57%

Rozkład punktacji

Percentyl według liczby udzielonych odpowiedzi

Procent ludzi z każdym wynikiem

Twoja historia wyników

Nie rozwiązałeś tego quizu